Annales Universitatis Mariae Curie-Skłodowska. Sectio L, Artes

Detalles Bibliográficos
Autor Corporativo: Uniwersytet Marii Curie-Skłodowskiej
Formato: Electrónico Revista
Lenguaje:polaco
Publicado: Lublin : Uniwersytet Marii Curie-Skłodowskiej
Warsaw, Poland : De Gruyter Open
Materias:
Acceso en línea:Full text available from Research Library: 01/01/2008 to 07/31/2014

MARC

LEADER 00000nas a2200000 i 4500
001 ssj0000299936
003 WaSeSS
005 20200512172242.0
006 m d
007 cr n
008 100921c20039999pl ar p s 0 0pol d
010 |a  2016207122 
016 7 |a 2437083-6  |2 DE-600 
022 |a 2083-3636  |l 1732-1352  |y 1732-1352 
035 |a (WaSeSS)ssj0000299936 
040 |a Nz  |b eng  |c UX1  |d HEBIS  |d OCLCF  |d OCLCO  |d DLC  |d OCLCO  |d DLC  |d Z5A  |d VT2  |d CUS  |d UOK  |d VDB  |d NTG  |d AU@  |d WYU  |d WaSeSS 
041 0 |a pol  |b eng  |f eng 
042 |a lccopycat 
043 |a e-pl--- 
050 0 0 |a NX6 
082 1 4 |a [E] 
210 1 |a Ann. Univ. Mariae Curie-Sklodowska, L Artes 
222 0 |a Annales Universitatis Mariae Curie-Sklodowska. Sectio L, Artes 
245 0 0 |a Annales Universitatis Mariae Curie-Skłodowska.  |n Sectio L,  |p Artes  |h [electronic resource] 
246 1 3 |a Artes 
246 1 |a Journal of Maria Curie-Sklodowska University 
246 1 |a Annales UMCS, Artes 
260 |a Lublin :  |b Uniwersytet Marii Curie-Skłodowskiej 
260 3 |3 <2012->  |a Warsaw, Poland :  |b De Gruyter Open 
310 |a Annual 
362 1 |a Began with vol. 1 (2003) 
506 |a License restrictions may limit access. 
515 |a Some vols. issued in combined form. 
546 |a In Polish; table of contents and summaries in English. 
588 |a Description based on: Vol. 12, Issue 2 (Dec. 2014); title from PDF caption (De Gruyter Open, viewed May 12, 2016). 
588 |a Latest issue consulted: Vol. 12, Issue 2 (Dec. 2014) (De Gruyter Open, viewed May 12, 2016). 
650 0 |a Arts  |v Periodicals. 
650 0 |a Arts  |z Poland  |v Periodicals. 
650 7 |a Arts.  |2 fast  |0 (OCoLC)fst00817721 
651 7 |a Poland.  |2 fast  |0 (OCoLC)fst01206891 
655 0 |a Electronic journals. 
710 2 |a Uniwersytet Marii Curie-Skłodowskiej. 
776 0 8 |i Print version:  |t Annales Universitatis Mariae Curie-Skłodowska. Sectio L, Artes  |x 1732-1352  |w (DLC) 2010273818  |w (OCoLC)664738593 
850 |a DLC 
856 4 0 |z Full text available from Research Library: 01/01/2008 to 07/31/2014  |u https://search.proquest.com/publication/1976407